| 000 | 00348nam a2200145Ia 4500 | ||
|---|---|---|---|
| 008 | 230917s9999||||xx |||||||||||||| ||und|| | ||
| 040 |
_e123477 _aMAIN |
||
| 041 | _aEnglish | ||
| 082 | _a647.94 C264H | ||
| 100 | _aCasado, Matt A | ||
| 245 | 0 | _aHousekeeping management | |
| 260 |
_aNew York _bJohn Wiley _c2000 |
||
| 300 | _a290 p. | ||
| 942 | _cBK | ||
| 999 |
_c147467 _d147467 |
||